[Event "Russian Cup f"]
[Site "Sochi"]
[Date "1997.??.??"]
[Round "4"]
[White "Filippov, Valerij"]
[Black "Vaulin, Alexander"]
[Result "1-0"]
[WhiteElo "2535"]
[BlackElo "2530"]

1.Nf3 d5 2.g3 Bg4 3.Bg2 Nd7 4.c4 dxc4 5.Na3 c6 6.Nxc4 Ngf6 7.d4 e6 8.O-O Be7
9.Qb3 Nb6 10.Na5 Rb8 11.Bf4 Bd6 12.Ne5 O-O 13.e4 Be2 14.Rfc1 Bb5 15.a4 Ba6
16.Qc3 Ne8 17.b4 f6 18.Nexc6 bxc6 19.Nxc6 Qc7 20.e5 fxe5 21.dxe5 Be7 22.b5 Bb7
23.Nxb8 Qxb8 24.Bxb7 Qxb7 25.Qc6 Qxc6 26.Rxc6 Nd5 27.a5 g5 28.Be3 Nxe3 29.fxe3 Bd8
30.b6 axb6 31.axb6  1-0

[Event "Russian Cup f"]
[Site "Sochi"]
[Date "1997.??.??"]
[Round "6"]
[White "Filippov, Valerij"]
[Black "Yakovich, Yuri"]
[Result "0-1"]
[WhiteElo "2535"]
[BlackElo "2610"]

1.Nf3 d5 2.g3 c6 3.Bg2 Bg4 4.c4 e6 5.Qb3 Qb6 6.Qc2 Nd7 7.d3 Ngf6 8.cxd5 cxd5
9.O-O Be7 10.Be3 Qa6 11.Rc1 O-O 12.a3 b6 13.Nc3 Rac8 14.b4 Bxf3 15.Bxf3 Rfd8
16.Qb3 Ne5 17.Bg2 d4 18.b5 Qa5 19.Bd2 dxc3 20.Rxc3 Ned7 21.d4 Nc5 22.Qb2 Na4
23.Rxc8 Rxc8 24.Rc1 Rd8 25.Bxa5 Nxb2 26.Bd2 Rxd4 27.Rc2 Nc4 28.Bc1 Bc5 29.Bf1 Na5
30.Bd2 Nb3 31.Bc3 Rd1 32.Rb2 Nd4 33.e3 Nf3+ 34.Kg2 Ne1+ 35.Kg1 Nd3 36.Rc2 Ne4
37.Bb4 g6 38.f3 Nxb4  0-1

[Event "Russian Cup f"]
[Site "Sochi"]
[Date "1997.??.??"]
[Round "8"]
[White "Yandemirov, Valeri"]
[Black "Yakovich, Yuri"]
[Result "1-0"]
[WhiteElo "2500"]
[BlackElo "2610"]

1.Nf3 d5 2.g3 c6 3.Bg2 Bg4 4.O-O Nd7 5.d4 e6 6.Nbd2 Ngf6 7.c3 Be7 8.Re1 O-O
9.e4 dxe4 10.Nxe4 Qb6 11.Nxf6+ Bxf6 12.Qb3 a5 13.Bf4 a4 14.Qxb6 Nxb6 15.Bd6 Rfe8
16.Nd2 Bf5 17.Bf1 Be7 18.Bxe7 Rxe7 19.Nc4 Nxc4 20.Bxc4 Ra5 21.b4 axb3 22.axb3 Rxa1
23.Rxa1 Kf8 24.f3 Ke8 25.g4 Bc2 26.b4 Kd7 27.Kf2 Kd6 28.h4 e5 29.Ra2 Bd1
30.Rd2 Ba4 31.dxe5+ Kxe5 32.Kg3 Rc7 33.g5 h5 34.f4+ Kf5 35.Re2 Bb5 36.Re5+ Kg6
37.f5+ Kh7 38.Bxf7  1-0

[Event "Solin"]
[Site "Solin"]
[Date "1997.??.??"]
[Round "3"]
[White "Nikolac, Juraj"]
[Black "Cvorovic, Drazen"]
[Result "0-1"]
[WhiteElo "2455"]
[BlackElo "2425"]

1.Nf3 d5 2.g3 g6 3.Bg2 Bg7 4.c4 dxc4 5.Na3 e5 6.O-O e4 7.Ne1 Nf6 8.Nxc4 O-O
9.b3 Re8 10.Bb2 Nbd7 11.d3 Nc5 12.b4 exd3 13.e3 Bg4 14.f3 Be6 15.Ne5 d2 16.bxc5 dxe1=Q
17.Qxe1 Nd7 18.f4 Nxe5 19.fxe5 c6 20.Qb4 Qc7 21.Rf6 Rad8 22.Bd4 Rd7 23.a4 Bd5
24.Bh3 Rde7 25.Rb1 Rxe5 26.Bxe5 Qxe5 27.Rf2 Qxe3 28.Qd2 Qe4  0-1

[Event "White Nights op"]
[Site "St Petersburg"]
[Date "1997.??.??"]
[Round "?"]
[White "Kochyev, Alexander"]
[Black "Potkin, Vladimir"]
[Result "1/2-1/2"]
[WhiteElo "2435"]
[BlackElo "2310"]

1.Nf3 d5 2.g3 e6 3.Bg2 Nf6 4.O-O Be7 5.d3 O-O 6.Nbd2 c5 7.e4 Nc6 8.Re1 b5
9.e5 Nd7 10.Nf1 a5 11.h4 Ba6 12.h5 h6 13.Bf4 b4 14.Ne3 a4 15.a3 bxa3 16.bxa3 Nb6
17.Ng4 Nd4  1/2-1/2

[Event "White Nights op"]
[Site "St Petersburg"]
[Date "1997.??.??"]
[Round "?"]
[White "Popov, Valerij"]
[Black "Vunder, A."]
[Result "1-0"]
[WhiteElo "2430"]
[BlackElo "2230"]

1.Nf3 d5 2.g3 c5 3.Bg2 Nf6 4.O-O Nc6 5.d4 e6 6.c4 Be7 7.cxd5 exd5 8.Nbd2 O-O
9.dxc5 Bxc5 10.Nb3 Bb6 11.Nbd4 Ne4 12.Be3 Qf6 13.h3 Re8 14.Qd3 Bd7 15.Rfd1 Rad8
16.Rac1 h5 17.Qb3 Bc8 18.Nxc6 Bxe3 19.Qxe3 Nxg3 20.Nce5 Ne4 21.Qd4 g5 22.Rc7  1-0

[Event "White Nights op"]
[Site "St Petersburg"]
[Date "1997.??.??"]
[Round "?"]
[White "Ivanov, Vladimir Ivanovich"]
[Black "Anjuhin, Alex"]
[Result "0-1"]
[WhiteElo "2460"]
[BlackElo "2335"]

1.Nf3 d5 2.g3 Nf6 3.Bg2 b5 4.O-O e6 5.d3 Be7 6.e4 dxe4 7.Ng5 Bb7 8.Nc3 Qc8
9.Nxb5 exd3 10.Qxd3 Bxg2 11.Kxg2 Qb7+ 12.Qf3 Qxf3+ 13.Nxf3 Na6 14.c4 Ne4
15.Be3 Nd6 16.Rac1 Nf5 17.Bf4 c6 18.g4 cxb5 19.cxb5 Nh4+ 20.Nxh4 Nb4 21.Nf3 Nd3
22.Rc4 Nxf4+ 23.Rxf4 Rb8 24.Ra4 Bc5 25.b4 Bb6 26.Ne5 h5 27.Nc6 Rb7 28.h3 hxg4
29.hxg4 Rh4 30.Kg3 g5 31.Re1 Rd7 32.Re3 Kf8 33.Ne5 Rd4 34.Rf3 Kg8 35.Kg2 Re4
36.Nd7 Rhxg4+ 37.Rg3 Bd4 38.b6 axb6 39.b5 f5 40.Ra6 Rxg3+ 41.fxg3 Rg4 42.Kf3 Re4
43.Nxb6 g4+ 44.Kg2 Re2+ 45.Kf1 Rf2+ 46.Ke1 f4  0-1

[Event "St Petersburg-ch"]
[Site "St Petersburg"]
[Date "1997.??.??"]
[Round "3"]
[White "Loginov, Valery A"]
[Black "Lukin, Andrei M"]
[Result "1-0"]
[WhiteElo "2555"]
[BlackElo "2480"]

1.Nf3 d5 2.g3 g6 3.c4 Nf6 4.cxd5 Nxd5 5.Bg2 Bg7 6.d4 Nb6 7.O-O Nc6 8.e3 O-O
9.Nc3 Re8 10.d5 Na5 11.Nd4 Bd7 12.b4 Nac4 13.a4 a5 14.b5 Qc8 15.Re1 Bh3 16.Bh1 Qg4
17.Nce2 Rad8 18.Qb3 Qc8 19.Ra2 e6 20.dxe6 Bxe6 21.Nxe6 Rxe6 22.Rc2 Ne5 23.Nd4 Rxd4
24.exd4 Nf3+ 25.Bxf3 Rxe1+ 26.Kg2 Bxd4 27.Bf4 Be5 28.Bd2 Ra1 29.Bxa5 Nxa4
30.Qd5 Qe6 31.Qxe6 fxe6 32.Bxc7 Bxc7 33.Rxc7 b6 34.Ra7 Kh8 35.Bg4 h5 36.Bxe6 Re1
37.Bf7 Nc3 38.Rb7  1-0

[Event "St Petersburg-B"]
[Site "St Petersburg"]
[Date "1997.??.??"]
[Round "14"]
[White "Kochyev, Alexander"]
[Black "Popov, Valerij"]
[Result "1-0"]
[WhiteElo "2435"]
[BlackElo "2430"]

1.Nf3 d5 2.g3 Bg4 3.Bg2 Nd7 4.c4 dxc4 5.Na3 e6 6.Nxc4 Ngf6 7.Nfe5 c6 8.Nxg4 Nxg4
9.O-O h5 10.d4 Nb6 11.Na5 Qd7 12.e4 O-O-O 13.Nb3 Be7 14.a4 a6 15.h3 Nf6 16.Qc2 h4
17.g4 Qc7 18.Be3 Kb8 19.Rfc1 Ne8 20.Nc5 Nc8 21.b4 Na7 22.d5 cxd5 23.exd5 Bxc5
24.Bxc5 b6 25.Bd4 Qxc2 26.Rxc2 exd5 27.Be5+ Nd6 28.Rd1 f6 29.Bh2 Nc8 30.Bxd5 Rd7
31.Be4 Rhd8 32.Bf5  1-0

[Event "Stockholm"]
[Site "Stockholm"]
[Date "1997.??.??"]
[Round "2"]
[White "Seeman, Tarvo"]
[Black "Lyrberg, Patrik"]
[Result "1-0"]
[WhiteElo "2395"]
[BlackElo "2430"]

1.Nf3 d5 2.g3 Bg4 3.Bg2 Nd7 4.c4 dxc4 5.Na3 Ngf6 6.Nxc4 c6 7.O-O e6 8.b4 b5
9.Na5 c5 10.Bb2 cxb4 11.Nc6 Qb6 12.Nfe5 Rc8 13.Rc1 Bc5 14.d4 Bd6 15.Nxg4 Nxg4
16.e4 Rxc6 17.Rxc6 Qxc6 18.Qxg4 Qc2 19.Qxg7 Rf8 20.Bc1 Qxa2 21.e5 Be7 22.Bh6 Nb6
23.Bc6+ Kd8 24.Bg5 Nd7 25.d5  1-0

[Event "Stockholm"]
[Site "Stockholm"]
[Date "1997.??.??"]
[Round "11"]
[White "Engqvist, Thomas"]
[Black "Wallace, John Paul"]
[Result "1-0"]
[WhiteElo "2355"]
[BlackElo "2350"]

1.Nf3 d5 2.g3 c6 3.Bg2 Bg4 4.O-O Nf6 5.b3 Nbd7 6.Bb2 e6 7.d3 Bc5 8.Nbd2 O-O
9.e4 Qe7 10.a3 a5 11.h3 Bh5 12.Qe1 Rfe8 13.e5  1-0

[Event "SVK-chT1W 9798"]
[Site "SVK"]
[Date "1997.??.??"]
[Round "?"]
[White "Chrenko, Peter"]
[Black "Kramarik, P."]
[Result "1/2-1/2"]
[WhiteElo "1995"]
[BlackElo "2040"]

1.Nf3 d5 2.g3 c5 3.Bg2 Nf6 4.O-O Nc6 5.d3 g6 6.Nbd2 Bg7 7.e4 Bg4 8.h3 Bxf3
9.Qxf3 O-O 10.Re1 dxe4 11.dxe4 e5 12.c3 b5 13.Rd1 Qc7 14.Nf1 h6 15.Bxh6 Bxh6
16.Qxf6 Rad8 17.Qf3 a6 18.Ne3 Bxe3 19.Qxe3 c4 20.Qc5 Rc8 21.Rd5 Rfe8 22.Rad1 Qa5
23.Qa3 Qb6 24.h4 Rcd8 25.Bf3 Rxd5 26.Rxd5 b4 27.Qa4 Re6 28.Kg2 Rf6 29.Qd1 a5
30.Rd6 Rxd6 31.Qxd6 a4 32.h5 gxh5 33.Bxh5 Qb7 34.Qd5 a3 35.bxa3 bxc3 36.Qxc4 Nd4
37.Qxc3 Qxe4+ 38.Bf3 Nxf3 39.Qxf3 Qd4 40.g4 e4 41.Qe3 Qc4 42.Qb3 Qe2 43.Kg3 Qe1
44.Qe3 Qb1 45.Kf4 Qc2 46.Ke5 Kg7 47.Qg5+ Kf8 48.Qh6+ Kg8 49.Qg5+ Kf8 50.Qd8+ Kg7
51.Qd4 Kg8 52.a4 Qe2 53.Qxe4 Qxf2 54.Qf5 Qxa2 55.Qg5+ Kh7 56.Qf5+ Kg8 57.Kf6 Qa1+
58.Qe5 Qf1+ 59.Kg5 Qc1+ 60.Kh5 Qh1+  1/2-1/2

[Event "SVK-chT1W 9798"]
[Site "SVK"]
[Date "1997.??.??"]
[Round "?"]
[White "Chrenko, Peter"]
[Black "Krajcovic, Branislav"]
[Result "1-0"]
[WhiteElo "1985"]
[BlackElo "2165"]

1.Nf3 d5 2.g3 g6 3.Bg2 Bg7 4.O-O Nf6 5.d3 O-O 6.Nbd2 c5 7.e4 Nc6 8.Re1 e6
9.h4 b6 10.Nh2 dxe4 11.dxe4 Bb7 12.Nhf3 Qd7 13.c3 Rfd8 14.Qa4 Ng4 15.Nc4 Nce5
16.Qxd7 Rxd7 17.Ncxe5 Nxe5 18.Nxe5 Bxe5 19.f4 Bc7 20.e5 Bxg2 21.Kxg2 Rad8
22.Be3 Kf8 23.Kf3 Ke7 24.h5 Rd3 25.hxg6 hxg6 26.Rh1 c4 27.Ke4 R8d5 28.Rae1 b5
29.Bxa7 Rxg3 30.Rh7 g5 31.Bd4 gxf4 32.Kxf4 Rg2 33.b4 cxb3 34.axb3 Ba5 35.Ra1 Bd8
36.Ra7+ Kf8 37.Raxf7+ Kg8 38.Rb7 Bg5+ 39.Kf3  1-0

[Event "SVK-chT 9798"]
[Site "SVK"]
[Date "1997.??.??"]
[Round "1"]
[White "Safyanovsky, Mark"]
[Black "Huba, Martin"]
[Result "1/2-1/2"]
[WhiteElo "2390"]
[BlackElo "2170"]

1.Nf3 d5 2.g3 c6 3.Bg2 Bg4 4.b3 Nd7 5.Bb2 Ngf6 6.d3 Qc7 7.Nbd2 e5 8.h3 Bh5
9.e4 Bc5 10.O-O O-O 11.Qe1 Rfe8 12.Nh4 Rad8 13.Nf5 Nf8 14.Nf3 dxe4 15.dxe4 Bxf3
16.Bxf3 Ne6 17.Bg2 Nd4 18.Ne3 Rd7 19.c3 Ne6 20.b4 Bb6 21.Nc4 Red8 22.Qe2 a6
23.Rad1 Ba7 24.Rxd7 Rxd7 25.Rd1 b5 26.Rxd7 Nxd7 27.Ne3 Nb6 28.Qd3 Qd7 29.Qxd7 Nxd7
30.Bc1 Kf8 31.Kf1 Nf6 32.h4 c5 33.a3 c4 34.Ke2 g6 35.Nd5 Nxd5 36.exd5 Nd8
37.f4 Bb8 38.Be3 exf4 39.gxf4 f5 40.Bc5+ Ke8 41.Ke3 Kd7 42.Bf3 h5  1/2-1/2

[Event "SVK-chT 9697"]
[Site "SVK"]
[Date "1997.??.??"]
[Round "4"]
[White "Hrivnak, Martin"]
[Black "Trichkov, Vasil"]
[Result "0-1"]
[WhiteElo "2185"]
[BlackElo "2380"]

1.Nf3 d5 2.g3 c6 3.Bg2 Nf6 4.O-O Bf5 5.d3 Nbd7 6.Nbd2 e5 7.h3 h6 8.e4 Be6
9.Qe2 Bd6 10.b3 O-O 11.Bb2 Qc7 12.Nh4 Rfe8 13.c4 dxe4 14.dxe4 Rad8 15.Bc3 Bc5
16.Nhf3 Nh5 17.Kh2 g6 18.Ne1 Ndf6 19.Rd1 Bd4 20.Bxd4 exd4 21.Nd3 Bf5 22.e5 Bxd3
23.Qxd3 Rxe5 24.Nf3 Re7 25.Rfe1 Rxe1 26.Rxe1 Qd6 27.Nd2 Ng7 28.Ne4 Nxe4 29.Bxe4 Qf6
30.Kg2 Ne6 31.b4 Kg7 32.a4 Qg5 33.Qf3 a5 34.b5 cxb5 35.cxb5 b6 36.Rd1 Nc5
37.h4 Qf6  0-1

[Event "SVK-chT2 9697"]
[Site "SVK"]
[Date "1997.??.??"]
[Round "5"]
[White "Mokos, Jozef"]
[Black "Motuz, Karol"]
[Result "0-1"]
[WhiteElo "2265"]
[BlackElo "2255"]

1.Nf3 d5 2.g3 Nf6 3.Bg2 Bf5 4.O-O e6 5.b3 h6 6.Bb2 Be7 7.d3 O-O 8.Nbd2 c5
9.Re1 Nc6 10.e4 Bh7 11.exd5 exd5 12.Nf1 Re8 13.Ne3 d4 14.Nc4 Qc7 15.a4 Bf5
16.Nfe5 Nb4 17.Qd2 Nfd5 18.Nf3 Bf6 19.Rxe8+ Rxe8 20.Re1 Rxe1+ 21.Nxe1 b6
22.Qe2 Be6 23.Kf1 a6 24.Nd2 Nc3 25.Bxc3 dxc3 26.Ne4 Bd4 27.Nf3 b5 28.axb5 axb5
29.Nxd4 cxd4 30.f3 Qa7 31.Kf2 Qa2 32.Nc5 Qxc2 33.Qxc2 Nxc2 34.Ke2 Ne3 35.Bh1 Bd5  0-1

[Event "SVK-chT 9697"]
[Site "SVK"]
[Date "1997.??.??"]
[Round "8"]
[White "Hrivnak, Martin"]
[Black "Tibensky, Robert"]
[Result "0-1"]
[WhiteElo "2185"]
[BlackElo "2440"]

1.Nf3 d5 2.g3 c6 3.Bg2 Nf6 4.O-O Bf5 5.d3 h6 6.Nbd2 e6 7.c3 Be7 8.b4 a5 9.Qb3 Nbd7
10.a4 O-O 11.Ba3 e5 12.Rfb1 axb4 13.cxb4 Qb6 14.Bb2 Bd6 15.Bc3 Rfe8 16.h3 Qa7
17.Re1 d4 18.Nc4 Be6 19.Bb2 Nb6 20.a5 Nxc4 21.dxc4 b5 22.Nd2 Rab8 23.Qd3 bxc4
24.Nxc4 e4 25.Qxd4 Qxd4 26.Bxd4 Bxc4  0-1

[Event "SVK-chT 9697"]
[Site "SVK"]
[Date "1997.??.??"]
[Round "10"]
[White "Mesiarik, Rudolf"]
[Black "Martiska, Peter"]
[Result "1-0"]
[WhiteElo "2280"]
[BlackElo "2320"]

1.Nf3 d5 2.g3 Nf6 3.Bg2 c5 4.c4 Nc6 5.cxd5 Nxd5 6.Nc3 g6 7.O-O Bg7 8.Nxd5 Qxd5
9.d3 O-O 10.Qa4 Qd7 11.Qh4 Qg4 12.Qxg4 Bxg4 13.Be3 b6 14.h3 Bd7 15.Rab1 Rac8
16.Rfc1 Be6 17.b3 h6 18.a3 Rfd8 19.Nd2 Nd4 20.Bxd4 Bxd4 21.Nc4 f5 22.Kf1 Kf7
23.a4 g5 24.e3 Bf6 25.Ke2 h5 26.f4 h4 27.fxg5 Bxg5 28.gxh4 Bxh4 29.Bf3 Rh8
30.Rf1 Bf6 31.e4 Rxh3 32.Rf2 Bd4 33.Rg2 Rg8 34.Rxg8 Kxg8 35.Rh1 Rxh1 36.Bxh1 Kg7
37.exf5 Bxf5 38.a5 b5 39.Na3 Bd7 40.Kd2 Bb2 41.Nb1 Kf6 42.Kc2 Bd4 43.Bb7 b4
44.Nd2 Ke6 45.Nc4 Bb5 46.Bc8+ Kd5 47.Bb7+ Ke6 48.Bc8+ Bd7 49.Bb7 Be5 50.Bg2 Bc7
51.Bh3+ Kd5 52.Bxd7 e5 53.Bc8 Kd4 54.Bb7 Bd8 55.a6 Bc7 56.Kd2 Bd8 57.Nd6  1-0

[Event "Piatka op"]
[Site "Swidnica"]
[Date "1997.??.??"]
[Round "?"]
[White "Khasin, Abram"]
[Black "Czerwonski, Aleksander"]
[Result "1-0"]
[WhiteElo "2420"]
[BlackElo "2405"]

1.g3 d5 2.Nf3 Nf6 3.Bg2 e6 4.O-O Be7 5.c4 O-O 6.d4 b6 7.cxd5 exd5 8.Nc3 Bb7
9.Qc2 Na6 10.Rd1 Qc8 11.Bf4 c5 12.Rac1 c4 13.Be5 Rd8 14.Ng5 g6 15.Nh3 Ng4
16.Bf4 Qd7 17.a3 b5 18.f3 Nf6 19.Nf2 b4 20.axb4 Nxb4 21.Qd2 Qe8 22.Ra1 Nh5
23.Bh6 a5 24.Ng4 Bc8 25.Be3 Ng7 26.Nh6+ Kf8 27.Na4 Ra6 28.Nc5 Bxc5 29.dxc5 Nc2
30.Bg5 Nxa1 31.Bxd8 Qxd8 32.Rxa1 Be6 33.Qd4 Qc7 34.f4 Rc6 35.Bxd5 Bxd5 36.Qxd5 Rxc5
37.Qa8+ Ne8 38.Ng4 Qd7 39.Nf2 Rd5 40.Rxa5 Rxa5 41.Qxa5 Qd4 42.Qb4+ Kg8 43.Qc3 Qb6
44.e3 Nd6 45.Ng4 f5 46.Nh6+ Kf8 47.Qh8+ Ke7 48.Qxh7+ Kd8 49.Qxg6 Qxe3+ 50.Kg2 Qe4+
51.Kh3 Kc7 52.Nf7 Nb5 53.Ne5 Nd6 54.Qe6  1-0

[Event "Piatka op"]
[Site "Swidnica"]
[Date "1997.??.??"]
[Round "?"]
[White "Pigusov, Evgeny"]
[Black "Gradalski, Przemyslaw"]
[Result "1-0"]
[WhiteElo "2565"]
[BlackElo "2305"]

1.Nf3 d5 2.g3 Nf6 3.Bg2 c6 4.c4 Bf5 5.cxd5 cxd5 6.Qb3 Qb6 7.Nc3 Qxb3 8.axb3 Nc6
9.d3 e6 10.Nb5 Kd7 11.Nbd4 Nxd4 12.Nxd4 Bg6 13.f4 Bc5 14.Be3 Rhc8 15.h3 Ne8
16.g4 Nd6 17.Kf2 f6 18.Nc2 Bf7 19.Bxc5 Rxc5 20.Nd4 a6 21.b4 Rcc8 22.Ra5 b6
23.Ra2 Nb5 24.Nf3 Ra7 25.Rha1 Rca8 26.Ra4 a5 27.Rc1 Rc7 28.Rxc7+ Nxc7 29.e4 Be8
30.bxa5 Rxa5 31.Rb4 Rb5 32.Rxb5 Nxb5 33.e5 fxe5 34.fxe5 Bg6 35.Ke3 Kc6 36.Bf1 Nc7
37.Nd4+ Kc5 38.h4 b5 39.g5 Bf7 40.Bh3 b4 41.Bg4 g6 42.Nb3+ Kc6 43.d4 Ne8
44.Nc5 Ng7 45.Kd2 Kb5 46.Be2+ Ka5 47.Bg4 Kb5 48.Kd3 Nh5 49.Ke3 Ng7 50.Kd3 Nh5
51.b3 Nf4+ 52.Ke3 Ng2+ 53.Kf2 Nxh4 54.Nxe6 Nf5 55.Bxf5 gxf5 56.Nf4 Kc6 57.Kf3 Be8
58.Nd3 Kb5 59.Kf4 Bh5 60.Nc5 Bg6 61.Nd7 Kc6 62.Nf6  1-0

[Event "Piatka op"]
[Site "Swidnica"]
[Date "1997.??.??"]
[Round "7"]
[White "Markowski, Tomasz"]
[Black "Eschenko, Vadim"]
[Result "1-0"]
[WhiteElo "2510"]
[BlackElo "2310"]

1.g3 d5 2.Nf3 Nf6 3.Bg2 c6 4.O-O Bf5 5.d3 h6 6.c4 e6 7.Be3 dxc4 8.dxc4 Qxd1
9.Rxd1 Nbd7 10.Nc3 Be7 11.Rac1 O-O 12.Nd4 Bg6 13.Nb3 Nb6 14.Na5 Bb4 15.Nxb7 Nxc4
16.Rd4 Nxe3 17.Rxb4 Nxg2 18.Kxg2 Rfb8 19.Rb3 Ne4 20.Na4 a5 21.f3 Nf6 22.Rxc6 Bb1
23.Nc3 Bc2 24.Rb5 Nd5 25.b3 Ne3+ 26.Kf2 Nf5 27.Rxa5 Nd4 28.Rxa8 Rxa8 29.Rd6 e5
30.Rd8+ Rxd8 31.Nxd8 Bg6 32.e3 Nc2 33.Nc6 f6 34.Ne7+  1-0

[Event "Piatka op"]
[Site "Swidnica"]
[Date "1997.??.??"]
[Round "7"]
[White "Pigusov, Evgeny"]
[Black "Berezin, Oleg"]
[Result "1-0"]
[WhiteElo "2565"]
[BlackElo "2445"]

1.Nf3 d5 2.g3 c6 3.Bg2 Bg4 4.c4 e6 5.cxd5 exd5 6.Qb3 Qb6 7.Qc2 Nf6 8.O-O Bd6
9.Nc3 O-O 10.d3 Re8 11.e4 dxe4 12.dxe4 Nbd7 13.Be3 Qa5 14.Nd4 Bb4 15.f3 Bh5
16.a3 Bxc3 17.bxc3 Nd5 18.Bf2 N5b6 19.Rfb1 Rab8 20.a4 Nc4 21.Nb3 Qc7 22.Bxa7 Ra8
23.Bf2 Nde5 24.g4 Bg6 25.Nd4 c5 26.Nb5 Qe7 27.Qe2 Qg5 28.Nc7 h5 29.Nxa8 hxg4
30.f4 Qxf4 31.Bg3 Qg5 32.Nc7 Rc8 33.Nd5 Nd2 34.Bf4  1-0

[Event "Piatka op"]
[Site "Swidnica"]
[Date "1997.??.??"]
[Round "8"]
[White "Markowski, Tomasz"]
[Black "Grabliauskas, Virginijus"]
[Result "1-0"]
[WhiteElo "2510"]
[BlackElo "2435"]

1.g3 d5 2.Nf3 c6 3.Bg2 Bg4 4.O-O Nd7 5.d3 Ngf6 6.c4 e6 7.h3 Bxf3 8.exf3 Bd6
9.f4 O-O 10.Nd2 a5 11.Nf3 b5 12.Qe2 Qb8 13.Re1 bxc4 14.dxc4 Nc5 15.Be3 Nce4
16.Rac1 Rc8 17.Rc2 Qb7 18.Rec1 Nd7 19.Nd2 f5 20.Nb3 a4 21.Nd4 c5 22.Nb5 Bf8
23.cxd5 exd5 24.g4 Rab8 25.Nc3 d4 26.gxf5 dxe3 27.fxe3 Nb6 28.Nxe4 Qf7 29.Ng5 Qxa2
30.b4 Qa3 31.Rc3 Qxb4 32.Qh5 h6 33.f6  1-0

[Event "SWZ-chT9697"]
[Site "SWZ"]
[Date "1997.??.??"]
[Round "?"]
[White "Ammann, Walter"]
[Black "Schauwecker, Meinrad"]
[Result "1/2-1/2"]
[WhiteElo "2280"]
[BlackElo "2325"]

1.Nf3 d5 2.g3 c6 3.Bg2 Bf5 4.d3 h6 5.O-O e6 6.Nbd2 Nf6 7.b3 Be7 8.Bb2 O-O
9.c4 Re8 10.Qc2 Bh7 11.Rac1 a5 12.a3 Nfd7 13.Qb1 Bf6 14.Qa1 Bxb2 15.Qxb2 Qf6
16.Qxf6 Nxf6 17.d4 Ne4 18.Nxe4 Bxe4 19.Nd2 Bxg2 20.Kxg2 Na6 21.e3 Rad8 22.Nf3 f6
23.cxd5 cxd5  1/2-1/2

[Event "SWZ-chT9697"]
[Site "SWZ"]
[Date "1997.??.??"]
[Round "?"]
[White "Lombard, Andre"]
[Black "Herb, Pascal"]
[Result "1/2-1/2"]
[WhiteElo "2390"]
[BlackElo "2370"]

1.Nf3 d5 2.g3 c5 3.Bg2 Nc6 4.d4 e6 5.O-O cxd4 6.Nxd4 Bc5 7.Nxc6 bxc6 8.e4 Ne7
9.c4 O-O 10.Qc2 Bd4 11.Rd1 e5 12.Nd2 Bg4 13.Re1 f5 14.exd5 f4 15.Ne4 cxd5
16.cxd5 Nxd5 17.Bd2 Rc8 18.Bc3 Kh8 19.Qd2 Nxc3 20.bxc3 Bb6 21.Qxd8 Rcxd8
22.a4 Ba5 23.Rab1 Bd7 24.Rb7 Bb6 25.a5 Bxa5 26.Rxa7 Bb6 27.Rb7  1/2-1/2

[Event "SWZ-chT9697"]
[Site "SWZ"]
[Date "1997.??.??"]
[Round "?"]
[White "King, Daniel J"]
[Black "Godena, Michele"]
[Result "1-0"]
[WhiteElo "2535"]
[BlackElo "2545"]

1.g3 d5 2.Nf3 c6 3.Bg2 Bg4 4.O-O Nd7 5.d4 e6 6.Nbd2 Ngf6 7.Re1 Be7 8.e4 dxe4
9.Nxe4 O-O 10.c3 Qb6 11.Qb3 Rfd8 12.Nxf6+ Nxf6 13.Ne5 Bh5 14.Nc4 Qc7 15.Bf4 Qc8
16.a4 Nd5 17.Bd2 Rb8 18.a5 c5 19.Ne3 Nxe3 20.Bxe3 cxd4 21.cxd4 b6 22.Qb5 Bg6
23.Rac1 Qd7 24.Bc6 Qc7 25.a6 Bd6 26.Bf3 Qe7 27.Rc6 Rbc8 28.d5 e5 29.Qc4 Rb8
30.Bd2 f5 31.Bb4 e4 32.Bxd6 Rxd6 33.Rc7 Qe5 34.Be2 Qxb2 35.Rd1 b5 36.Rc8+ Rd8
37.Rxb8 Rxb8 38.Qc7 Rf8 39.Bf1 f4 40.gxf4 Qb3 41.Re1 Qxd5 42.Qxa7 Qc6 43.Ra1 Qc3
44.Rd1 Qf3 45.Qd4 e3 46.Qd5+ Qxd5 47.Rxd5 exf2+ 48.Kxf2 Rxf4+ 49.Ke1 Ra4
50.Bxb5 Ra1+ 51.Kd2 Kf7 52.Rd7+ Kf6 53.a7 Be4 54.Kc3 h5 55.Kd4 Bg2 56.Kc5 g5
57.Rd6+ Ke5 58.Ra6 Rxa6 59.Bxa6 Ba8 60.Kb6  1-0

[Event "SWZ-chT9697"]
[Site "SWZ"]
[Date "1997.??.??"]
[Round "?"]
[White "Weindl, Alfred"]
[Black "Domont, Alexandre"]
[Result "1-0"]
[WhiteElo "2335"]
[BlackElo "2375"]

1.Nf3 d5 2.g3 c6 3.Bg2 Bg4 4.O-O Nd7 5.d3 e6 6.Nbd2 Bd6 7.e4 Ne7 8.Qe1 O-O
9.Kh1 Kh8 10.Ng1 e5 11.f4 dxe4 12.Nxe4 Bc7 13.h3 Be6 14.Ng5 Bd5 15.Bxd5 Nxd5
16.fxe5 Nxe5 17.Qe4 f5 18.Rxf5 Rxf5 19.Qxf5 Qg8 20.Bf4 Rf8 21.Qe6 Nxf4 22.gxf4 Nf7
23.Nxf7+ Rxf7 24.f5 Qf8 25.Re1 h6 26.Qe8 Rxf5 27.Qxf8+ Rxf8 28.Re7 Bd6 29.Rd7 Bc5
30.d4 Bb6 31.Kg2 Rd8 32.Rxd8+ Bxd8 33.Kf3 Kg8 34.Ke4 Kf7 35.Nf3 Ke6 36.c4 Bf6
37.b3 g6 38.Ne1 h5 39.Nd3 a6 40.Nf4+ Kf7 41.d5 cxd5+ 42.cxd5 Bh4 43.Ne6 Bg3
44.Nf4 Kf6 45.Ne6 g5 46.Nd4 g4 47.Nf5 Bh2 48.h4 Be5 49.Ne3 Bg3 50.Nf5 Bf4  1-0

[Event "Taastrup 25 Jub"]
[Site "Taastrup"]
[Date "1997.??.??"]
[Round "6"]
[White "Olsen, Heini"]
[Black "Zolnierowicz, Krzysztof"]
[Result "0-1"]
[WhiteElo "2300"]
[BlackElo "2370"]

1.Nf3 d5 2.g3 c5 3.Bg2 Nc6 4.O-O Nf6 5.d4 e6 6.c4 Be7 7.dxc5 Bxc5 8.a3 O-O
9.b4 Be7 10.Bb2 Bd7 11.Nbd2 Rc8 12.Rc1 Qb6 13.Qc2 Rfd8 14.c5 Qb5 15.e4 a5
16.Rfe1 axb4 17.Bf1 Qa5 18.exd5 Nxd5 19.Nb3 Qc7 20.Bd3 g6 21.Ne5 bxa3 22.Nxc6 axb2
23.Nxe7+ Nxe7 24.Qxb2 Bc6 25.Bf1 Nf5 26.Qc3 Bd5 27.Nd4 Nxd4 28.Qxd4 Qa5 29.Qe3 Rd7
30.h4 h5 31.Ra1 Qxc5 32.Rec1 Qf8 33.Qb6 Bc6 34.Ra7 Qd6 35.Qa5 Rcd8 36.Bg2 Bxg2
37.Kxg2 b6 38.Qb5  0-1

[Event "Taastrup 25 Jub"]
[Site "Taastrup"]
[Date "1997.??.??"]
[Round "8"]
[White "Zolnierowicz, Krzysztof"]
[Black "Hansen, Lars"]
[Result "1-0"]
[WhiteElo "2370"]
[BlackElo "2330"]

1.Nf3 d5 2.g3 Nf6 3.Bg2 c6 4.b3 Bg4 5.Bb2 Nbd7 6.O-O e6 7.d3 Bd6 8.Nbd2 O-O
9.c4 Re8 10.Qc2 e5 11.e3 Qe7 12.a3 Rad8 13.Rfe1 Bb8 14.b4 e4 15.dxe4 dxe4
16.Nd4 c5 17.Nb5 Bf5 18.Rab1 Ne5 19.Bxe5 Qxe5 20.bxc5 Qxc5 21.Nd4 Bg6 22.Rxb7 Qxa3
23.N2b3 Qa6 24.Rb5 Qc8 25.Rc5 Qd7 26.Nc6 Qd3 27.Qb2 Nd7 28.Ra5 Rc8 29.Nbd4 Be5
30.Bf1 Bxd4 31.Nxd4 Rb8 32.Rb5 Rxb5 33.Nxb5 Nc5  1-0

[Event "EST-ch (Women)"]
[Site "Tallinn"]
[Date "1997.??.??"]
[Round "1"]
[White "Laesson, Tuulikki"]
[Black "Piarnpuu, Leili"]
[Result "1/2-1/2"]
[WhiteElo "2290"]
[BlackElo "2240"]

1.Nf3 d5 2.g3 g6 3.Bg2 Bg7 4.d4 Nf6 5.O-O O-O 6.c4 c6 7.Ne5 Nbd7 8.Nc3 e6
9.Nxd7 Bxd7 10.e4 dxc4 11.Qe2 b5 12.a4 a6 13.Bg5 Qb6 14.Qf3 Ne8 15.Be7 Bxd4
16.Bxf8 Kxf8 17.axb5 cxb5 18.e5 Ra7 19.Qf4 Qc5 20.Rae1 Kg7 21.Re4 Bxc3 22.bxc3 a5
23.Rd4 Rc7 24.Rfd1 Qe7 25.Qd2 Bc8 26.h4 h5 27.Rd8 b4 28.Rd4 bxc3 29.Qxc3 Bd7  1/2-1/2

[Event "EU-ch U18"]
[Site "Tallinn"]
[Date "1997.??.??"]
[Round "1"]
[White "Njirjak, Josip"]
[Black "Iljushin, Alexei"]
[Result "0-1"]
[WhiteElo "2235"]
[BlackElo "2430"]

1.Nf3 d5 2.g3 Nf6 3.Bg2 c6 4.O-O Bf5 5.d3 e6 6.Nbd2 h6 7.Qe1 Be7 8.e4 Bh7
9.Qe2 O-O 10.Nh4 Na6 11.e5 Nd7 12.f4 Bxh4 13.gxh4 Qxh4 14.Rf3 Bf5 15.Rg3 c5
16.Nf1 Kh8 17.Bd2 Nb4 18.c3 Nc6 19.Qf2 f6 20.exf6 Qxf6 21.Ne3 Ne7 22.Ng4 Bxg4
23.Rxg4 Nf5 24.Re1 Qf7 25.Bf3 Rac8 26.Rg2 b6 27.Qe2 Rc6 28.Bh5 Qe7 29.Qg4 Rf6
30.Rge2 Nf8 31.Re5 g6  0-1

[Event "EST-ch"]
[Site "Tallinn"]
[Date "1997.??.??"]
[Round "7"]
[White "Seeman, Tarvo"]
[Black "Sergejev, Roman"]
[Result "1/2-1/2"]
[WhiteElo "2355"]
[BlackElo "2370"]

1.Nf3 d5 2.g3 Bg4 3.Bg2 Nd7 4.c4 dxc4 5.Na3 e6 6.Nxc4 Bxf3 7.Bxf3 c6 8.O-O Qc7
9.d4 Nb6 10.Bf4 Qd8 11.Qc2 Rc8 12.Na5 Qd7 13.Nb3 Nd5 14.Bd2 f5 15.Bg2 Bd6
16.Nc5 Bxc5 17.Qxc5 b6 18.Qc4 c5 19.e4 fxe4 20.dxc5 Rxc5 21.Qxe4 Ngf6 22.Qe2 O-O
23.Bh3 Re8 24.Rac1 Rxc1 25.Rxc1 Qd6 26.Re1 e5 27.Qc4 e4 28.Bg5 Kh8 29.Qd4 Qc6
30.Rc1 Qb5 31.Bf1 Qa5 32.Bc4 h6 33.Bxh6 e3 34.Bxe3 Nxe3 35.fxe3 Qg5 36.Qf4 Qc5
37.Re1 Re4 38.Qb8+ Re8 39.Qf4 Re4  1/2-1/2

[Event "EST-ch"]
[Site "Tallinn"]
[Date "1997.??.??"]
[Round "10"]
[White "Seeman, Tarvo"]
[Black "Maidla, Vallo"]
[Result "1/2-1/2"]
[WhiteElo "2355"]
[BlackElo "2380"]

1.Nf3 d5 2.g3 c6 3.Bg2 Bg4 4.b3 Nd7 5.Bb2 Ngf6 6.d3 Qc7 7.c4 dxc4 8.bxc4 e5
9.Nbd2 Bd6 10.O-O O-O 11.Qc2 Rfe8 12.e3 Rad8 13.Ng5 Bf5 14.Nge4 Nxe4 15.Nxe4 Nc5
16.Rfd1 Nxe4 17.Bxe4 Bxe4 18.dxe4 Bc5 19.Kg2 f6 20.Qe2 Rxd1 21.Rxd1 Rd8 22.h4 g6
23.h5 Rxd1 24.Qxd1 Kf7 25.hxg6+ hxg6 26.Qh1 Kg7 27.Qd1 Kf7 28.Qh1 Kg7 29.Qd1 Qe7
30.a4 Kf7 31.Qh1 Kg7 32.Qd1 a6 33.Qd3 Kf7 34.Qd1 Qe6 35.Qd3 Ke7 36.f4 Qd6
37.Qxd6+ Kxd6 38.Kf3 Bb4 39.Ke2 b5 40.cxb5 cxb5 41.axb5 axb5 42.g4 g5 43.fxg5 fxg5
44.Kd3  1/2-1/2